000 00254nam a2200109Ia 4500
008 231212s1975 xx 000 0 und d
041 _aeng
082 _a542
100 _aPopov E.
245 _aModern Robot Engineering
260 _aMascow
_bMir Pub
_c1975
999 _c958497
_d958497